| 000 | 00958nam a2200229 a 4500 | ||
|---|---|---|---|
| 001 | 80026 | ||
| 003 | BD-RjUL | ||
| 005 | 20220623110744.0 | ||
| 008 | 220622s2021 bg ||||| |||| 00| 0 ben d | ||
| 020 | _a9847000004154 | ||
| 035 | _a(BD-RjUL)80026 | ||
| 040 |
_aBD-RjUL _beng _cBD-RjUL |
||
| 041 | _aben | ||
| 082 |
_223 _a891.443 _bHUM 2021 |
||
| 245 |
_aহুমায়ূন কবিরের নদী ও নারী : _bপ্রকৃতি ও সংগ্রামী সত্তার দুই ডানা / _cসম্পাদনা মোহাম্মদ শাকেরউল্লাহ |
||
| 260 |
_aঢাকা : _bজাতীয় সাহিত্য প্রকাশ _c২০২১ |
||
| 300 |
_a৩৩৪ পৃ.; _c২২ সেমি. |
||
| 650 | _aবাংলা উপন্যাস | ||
| 650 | _aBengali novels | ||
| 700 |
_aশাকেরউল্লাহ, মোহাম্মদ _93838 |
||
| 942 |
_2ddc _cBK |
||
| 999 |
_c80026 _d80026 |
||